000 00325nam a22001337a 4500
008 181107b xxu||||| |||| 00| 0 eng d
020 _a031288519
041 _aeng
080 _23 TH
_a101
100 _a24
101 _aFIL
245 _aWith Reason An Introducton to Informal Fallacies
_ceNGEL.s.m
942 _2udc
_cBK
999 _c52207
_d52207